| 000 | 00545nam a22002057a 4500 | ||
|---|---|---|---|
| 003 | OSt | ||
| 008 | 251006b |||||||| |||| 00| 0 eng d | ||
| 020 | _a9788177545807 | ||
| 082 |
_a576.5 _bP98P |
||
| 100 | _aPurohit, S. S. | ||
| 245 |
_aPrinciples of Genetics / _cby S. S. Purohit and Smita Purohit |
||
| 260 |
_a.- Jodhpur _b: Agrobios _c, 2015 |
||
| 300 | _a322p. | ||
| 440 | _aAgriculture Knowledge Series - 03 | ||
| 650 | _aPure Sciences | ||
| 650 | _aBiology | ||
| 650 | _aGenetics | ||
| 700 | _aPurohit, Smita. | ||
| 942 |
_2ddc _cBK |
||
| 999 |
_c48999 _d48999 |
||